000 00693nam a2200241 a 4500
003 AR-BaBNM
005 20251128205833.0
008 082120s2002 ||||||||||||||000 | spa||
020 _a950-752-342-1
040 _cAR-BaBNM
245 0 0 _aHistoria de la Argentina [1880-1890]
_bChile : conflictos y soluciones
260 _aBogotá
_bHyspamerica
_bCrónica
_c1992
300 _a46 p.
_bil., láms.
490 0 _aNuestro siglo
_vv. 3
650 4 _aHISTORIA ARGENTINA
650 4 _aHISTORIA SOCIAL
650 4 _aHISTORIA ECONOMICA
650 4 _aHISTORIA POLITICA
700 1 _aSáenz Quesada, María
_ecoordinador
800 1 _aLuna, Félix
_edirector
942 _cBK
998 _cMariana
999 _c12996
_d12996